Liste des Pokémon insectes - Statistiques

Statistiques générales
  • Ce quiz a été pris 18 fois
  • Le résultat moyen est 56 sur 76
Statistiques - réponses
N° Pokédex Pokémon % Correct
#0268 Blindalys
100%
#0265 Chenipotte
100%
#0014 Coconfort
100%
#0015 Dardargnan
100%
#0123 Insécateur
100%
#0414 Papilord
100%
#0012 Papilusion
100%
#0266 Armulys
94%
#0013 Aspicot
94%
#0010 Chenipan
94%
#0413 Cheniselle
94%
#0011 Chrysacier
94%
#0212 Cizayox
94%
#0415 Apitrini
88%
#0267 Charmillon
88%
#0412 Cheniti
88%
#0920 Gambex
88%
#0269 Papinox
88%
#0127 Scarabrute
88%
#0049 Aéromite
81%
#0416 Apireine
81%
#0826 Astronelle
81%
#0541 Couverdure
81%
#0165 Coxy
81%
#0166 Coxyclaque
81%
#0900 Hachécateur
81%
#0824 Larvadar
81%
#0664 Lépidonille
81%
#0048 Mimitoss
81%
#0292 Munja
81%
#0291 Ninjask
81%
#0666 Prismillon
81%
#0214 Scarhino
81%
#0193 Yanma
81%
#0469 Yanmega
81%
#0737 Chrysapile
75%
#0825 Coléodôme
75%
#0632 Fermite
75%
#0738 Lucanon
75%
#0290 Ningale
75%
#0665 Pérégrain
75%
#0283 Arakdo
69%
#0873 Beldeneige
69%
#0795 Cancrelove
69%
#0401 Crikzik
69%
#0754 Floramantis
69%
#0649 Genesect
69%
#0540 Larveyette
69%
#0736 Larvibule
69%
#0314 Lumivole
69%
#0542 Manternel
69%
#0402 Mélokrik
69%
#0753 Mimantis
69%
#0794 Mouscoto
69%
#0313 Muciole
69%
#0637 Pyrax
69%
#0636 Pyronille
69%
#0588 Carabing
63%
#0872 Frissonille
63%
#0589 Lançargot
63%
#0284 Maskadra
63%
#0205 Foretress
56%
#0328 Kraknoix
56%
#0330 Libégon
56%
#0919 Lilliterelle
56%
#0204 Pomdepik
56%
#0329 Vibraninf
56%
#0954 Bérasca
50%
#0742 Bombydou
50%
#0953 Léboulérou
50%
#0804 Mandrillon
50%
#0988 Rampe-Ailes
50%
#0743 Rubombelle
50%
#0803 Vémini
50%
#0994 Mite-de-Fer
44%
#0840 Verpom
13%
Aucun quiz correspondant
Distribution des résultats
% des personnes avec chaque résultat
Percentile par nombre de réponses
Votre historique - résultats
Vous n’avez pas pris ce quiz